Language Quiz

Random Language or Italian Quiz

Italian Ch. 2 - Vocab (Italian to English) Quiz Stats

 Plays Quiz not verified by Sporcle

Score 0/169 Timer 15:00
0 Plays Today
In Italian In English % Correct
CubaCuba
87.5%
azzurroblue
85.4%
buonogood
83.3%
l'IrlandaIreland
81.3%
tedescoGerman
81.3%
verdegreen
81.3%
l'ItaliaItaly
79.2%
grandebig, great
79.2%
essereto be
77.1%
l'AustriaAustria
77.1%
la GermaniaGermany
77.1%
austriacoAustria
77.1%
ingleseEnglish
75%
italianoItalian
75%
biancowhite
75%
rossored
75%
rosapink
75%
piccolosmall, little
75%
stupidostupid
75%
i dentiteeth
72.9%
l'AustraliaAustralia
72.9%
il CanadaCanada
72.9%
la SpagnaSpain
72.9%
cineseChinese
72.9%
marronebrown
72.9%
cattivobad, naughty, mean
72.9%
curiosocurious
72.9%
Come stai/sta?How are you (inform./form.)?
70.8%
la FranciaFrance
70.8%
il GiapponeJapan
70.8%
americanoAmerican
70.8%
australianoAustralian
70.8%
cubanoCuban
70.8%
spagnoloSpanish
70.8%
anzianoold, elderly (persons)
70.8%
difficiledifficult
70.8%
vecchioold
70.8%
avereto have
68.8%
l'InghilterraEngland
68.8%
gli Stati UnitiUnited States
68.8%
beigebeige
68.8%
tuoyour (sing. inform.)
68.8%
Suoyour (sing. form.)
68.8%
suohis/her/its
68.8%
vostroyour (pl.)
68.8%
il nasonose
66.7%
l'occhioeye
66.7%
franceseFrench
66.7%
irlandeseIrish
66.7%
allegrohappy
66.7%
felicehappy
66.7%
fortestrong
66.7%
generosogenerous
66.7%
liberofree, not busy
66.7%
neroblack
64.6%
intelligenteintelligent
64.6%
nervosonervous
64.6%
In Italian In English % Correct
nuovonew
64.6%
benewell, fine
62.5%
il MessicoMexico
62.5%
il PortogalloPortugal
62.5%
la TurchiaTurkey
62.5%
messicanoMexican
62.5%
gialloyellow
62.5%
altotall
62.5%
miomy
62.5%
gli occhi azzurriblue eyes
60.4%
canadeseCanadian
60.4%
grassofat
60.4%
riccorich
60.4%
sincerosincere
60.4%
nostroour
60.4%
avere freddoto be cold
58.3%
la CinaChina
58.3%
giapponeseJapanese
58.3%
poveropoor
58.3%
simpaticonice
58.3%
tristesad
58.3%
Fa freddo.It's cold (weather).
56.3%
avere caldoto be hot
56.3%
i capellihair
56.3%
gli occhieyes
56.3%
giovaneyoung
56.3%
interessanteinteresting
56.3%
velocefast
56.3%
vicinonear
56.3%
Quanti anni hai/ha?How old are you (inform./form.)?
54.2%
turcoTurkish
54.2%
divertenteentertaining, fun
54.2%
serioserious
54.2%
molto benevery well
52.1%
Sei/È americano?Are you (inform./form.) american?
52.1%
portoghesePortugese
52.1%
violaviolet
52.1%
studiosostudious
52.1%
il dentetooth
50%
gli occhi verdigreen eyes
50%
l'orecchioear
50%
lentoslow
50%
Sono (+ nationality)I'm (nationality)
47.9%
i capelli biondiblond hair
47.9%
stressatostressed
47.9%
così cosìso-so
45.8%
avere seteto be thirsty
45.8%
avere fameto be hungry
45.8%
gli occhi castanibrown eyes
45.8%
contentocontent
45.8%
questothis
45.8%
Fa caldo.It's hot (weather).
43.8%
i capelli liscistraight hair
43.8%
arancioneorange
43.8%
grigiogray
43.8%
bruttougly
43.8%
quellothat
43.8%
In Italian In English % Correct
ci sonothere are
41.7%
le orecchieears
41.7%
tranquillocalm
41.7%
avere ragioneto be right
39.6%
i capelli riccicurly hair
39.6%
innamoratoin love
39.6%
magrothin
39.6%
stancotired
39.6%
moltomany, a lot of
39.6%
c'èthere is
37.5%
i capelli castanibrown hair
37.5%
attivoactive
37.5%
arrabbiatoangry
37.5%
bassoshort
37.5%
Sono di (+ city)I'm from (name of city)
35.4%
lontanofar
35.4%
avere mal di testato have a headache
33.3%
lorotheir
33.3%
Sono nato/a...I was born in (name of city)
31.3%
la panciastomach
31.3%
non c'è malenot bad
29.2%
bludark blue
29.2%
benissimogreat
27.1%
avere paurato be afraid
27.1%
la golathroat
27.1%
disordinatodisorganized, messy
27.1%
estroversoextroverted
27.1%
introversointroverted
27.1%
noiosoboring
27.1%
avere tortoto be wrong
25%
avere mal di panciato have a stomachache
25%
bellohandsome
25%
Come va?How's it going?
22.9%
avere mal di golato have a sore throat
22.9%
il labbrolip
22.9%
le labbralips
22.9%
impegnatobusy
20.8%
ordinatoorderly, organized
20.8%
pigrolazy
20.8%
deboleweak
18.8%
gli occhialieyeglasses
16.7%
buffofunny
16.7%
ammalatoill
14.6%
Che tempo fa?What is the weather like?
12.5%
avere sonnoto be sleepy
12.5%
antipaticounkind, unpleasant
12.5%
le lenti a contattocontact lenses
10.4%
pocofew, not much
10.4%
Fa bello.It's beautiful (weather).
8.3%
Com'è...?What is he/she/it like?
8.3%
Fa brutto.It's bad (weather).
6.3%
Mi diverto.I am having fun.
4.2%
Come sono...?What are they like?
2.1%
insommanot very well
2.1%
Cosa c'è?What's the matter?
2.1%

You're not logged in!

Compare scores with friends on all Sporcle quizzes.
OR
Log In

Show Comments

Extras

Top Quizzes Today


Score Distribution

Your Account Isn't Verified!

In order to create a playlist on Sporcle, you need to verify the email address you used during registration. Go to your Sporcle Settings to finish the process.

Report this User

Report this user for behavior that violates our Community Guidelines.

Details: